000
00230nam a22000857a 4500
008
160926b xxu||||| |||| 00| 0 eng d
100
_9
770
_a
Agarwal.R.L
245
_a
English Communicative-IX
260
_a
New Delhi
_b
ABD Publications
_c
2011
999
_c
3426
_d
3426